| 000 | 00397cam a22001217a 4500 | ||
|---|---|---|---|
| 008 | 180718b1966 xxu||||| |||| 00| 0 eng d | ||
| 082 | _aA81x54 In2/61/Vol 22/Pt 6-7 | ||
| 100 | _aCensus of India 1961 | ||
| 245 | _aManipur: village survey monograph, Ithing | ||
| 260 |
_aDelhi _bThe Manager of Publications _c1966 |
||
| 300 | _a48+p. | ||
| 440 | _aCensus of India 1961. Volume XXII, Manipur. Part VI-7 | ||
| 999 |
_c484161 _d484161 |
||